Top 30 : Drake - Statistiques

Statistiques générales
  • Ce quiz a été pris 236 fois
  • Le résultat moyen est 10 sur 30
Statistiques - réponses
Top Titres Featuring % Correct
1 One Dance Wizkid, Kyla
85%
4 Work Rihanna
72%
2 God's Plan
71%
6 MIA Bad Bunny
60%
5 Hotline Bling
52%
3 Passionfruit
46%
17 WAIT FOR U Future, Tems
42%
28 Headlines
41%
9 Life Is Good Future
41%
13 Love Me Lil Wayne, Future
37%
23 Fair Trade Travis Scott
34%
29 Chicago Freestyle GIVĒON
32%
16 Hold On, We're Going Home Majid Jordan
28%
20 Laugh Now Cry Later Lil Durk
28%
15 No Guidance Chris Brown
26%
26 F**kin' Problems A$AP Rocky, 2 Chainz, Kendrick Lamar
23%
7 In My Feelings
23%
14 Jimmy Cooks 21 Savage
23%
19 Too Good Rihanna
21%
18 Toosie Slide
21%
10 Going Bad Meek Mill
20%
27 Rich Flex 21 Savage
20%
22 Look Alive BlocBoy JB
19%
8 Nice For What
19%
12 Nonstop
18%
11 Yes Indeed Lil Baby
16%
30 Wants and Needs Lil Baby
13%
21 Money In The Grave Rick Ross
12%
25 Teenage Fever
11%
24 Fake Love
4%
Aucun quiz correspondant
Distribution des résultats
% des personnes avec chaque résultat
Percentile par nombre de réponses
Votre historique - résultats
Vous n’avez pas pris ce quiz